African Capitals by Letter - B - Statistics

General Stats
  • This quiz has been taken 93 times
  • The average score is 4 of 5
Answer Stats
Answer % Correct
Bamako
91%
Bangui
89%
Banjul
87%
Brazzaville
83%
Bissau
76%
No matching quizzes found
Score Distribution
Percent of People with Each Score
Percentile by Number Answered
Your Score History
You have not taken this quiz